[Event "AUTO-OPEN-4578"]
[Site "http://www.queenalice.com/game.php?id=1852830"]
[Date "2025.2.24"]
[Round "1"]
[White "D71357"]
[Black "Takeda"]
[Result "0-1"]
[WhiteElo "1100"]
[BlackElo "2056"]

1. e4 g6 2. Nf3 Bg7 3. Bd3 d6 4. O-O Nf6 5. b3 Nxe4 6. Nc3 Nxc3 7. dxc3 Bxc3 8.
Rb1 Bg4 9. h3 Bxf3 10. Qxf3 Nc6 11. Be4 Be5 12. Bh6 Qd7 13. Rbd1 Nd4 14. Qd3
O-O-O 15. Rfe1 Qb5 16. Be3 Qxd3 17. Bxd3 Nc6 18. Rb1 f5 19. f4 Bc3 20. Red1 e5
21. Bb5 Nd4 22. Bd3 e4 23. Bxd4 Bxd4+ 24. Kh2 c5 25. Be2 h6 26. b4 b6 27. bxc5
dxc5 28. Rb3 g5 29. fxg5 hxg5 30. Rf1 f4 31. Bg4+ Kc7 32. c3 Be5 33. Re1 e3 34.
Kh1 Rd2 35. Ra3 a5 36. c4 Rc2 37. Ra4 Rd8 38. Ra3 Rdd2 39. Bf5 Rxa2 40. Rxa2
Rxa2 0-1

[Event "AUTO-OPEN-4588"]
[Site "http://www.queenalice.com/game.php?id=1855640"]
[Date "2025.4.16"]
[Round "1"]
[White "D71357"]
[Black "IranSilva"]
[Result "0-1"]
[WhiteElo "1100"]
[BlackElo "1781"]

1. e4 e6 2. Nf3 d5 3. Ne5 Bd6 4. d4 dxe4 5. Nc3 Nf6 6. Bg5 Be7 7. Be2 O-O 8. f3
exf3 9. Bxf3 c6 10. Ne4 Nxe4 11. Bxe7 Qxe7 12. Bxe4 Qh4+ 13. g3 Qxe4+ 14. Qe2
Qxh1+ 15. Qf1 Qxf1+ 16. Kxf1 Nd7 17. Nxd7 Bxd7 0-1

[Event "AUTO-OPEN-4588"]
[Site "http://www.queenalice.com/game.php?id=1855641"]
[Date "2025.4.16"]
[Round "1"]
[White "IranSilva"]
[Black "D71357"]
[Result "1-0"]
[WhiteElo "1915"]
[BlackElo "1100"]

1. Nf3 d6 2. d4 d5 3. c4 Nf6 4. Nc3 e6 5. cxd5 Nxd5 6. e4 Nxc3 7. bxc3 Be7 8.
Be2 O-O 9. O-O c5 10. Be3 Nd7 11. e5 cxd4 12. cxd4 a6 13. Qb3 Nb6 14. Bd3 Nd5
15. Bd2 f6 16. Rad1 fxe5 17. Nxe5 Nf6 18. Bc3 Nd5 19. Bd2 Nf4 20. Bxf4 Qxd4 21.
Bxh7+ Kxh7 22. Rxd4 g6 23. Qh3+ 1-0

[Event "AUTO-OPEN-4588"]
[Site "http://www.queenalice.com/game.php?id=1855642"]
[Date "2025.4.16"]
[Round "1"]
[White "D71357"]
[Black "Pin"]
[Result "0-1"]
[WhiteElo "1100"]
[BlackElo "2010"]

1. e4 c5 2. Bc4 e6 3. Nf3 d5 4. Bb5+ Nc6 5. d3 dxe4 6. Bxc6+ bxc6 7. Ne5 Bb7 8.
O-O exd3 9. cxd3 Nf6 10. Nc3 Bd6 11. Bf4 O-O 12. Qf3 Nd5 13. Nxd5 cxd5 14. Qg3
Bxe5 15. Bxe5 f6 16. Bf4 Qd7 17. Bh6 Kh8 18. Be3 Rac8 19. Rac1 d4 20. Bf4 e5 21.
Bd2 Qd5 22. f3 Ba6 23. f4 exf4 24. Bxf4 c4 25. b3 cxd3 26. Rxc8 Rxc8 27. h4 d2
28. Bxd2 Bxf1 29. Kxf1 Qf5+ 30. Ke2 h6 31. Qd6 Re8+ 32. Kd1 Qg4+ 33. Kc1 Rc8+
34. Kb2 Qe4 0-1

[Event "AUTO-OPEN-4588"]
[Site "http://www.queenalice.com/game.php?id=1855643"]
[Date "2025.4.16"]
[Round "1"]
[White "Pin"]
[Black "D71357"]
[Result "1-0"]
[WhiteElo "2008"]
[BlackElo "1100"]

1. d4 d5 2. Nc3 e6 3. e4 Nf6 4. Bg5 Be7 5. e5 Ne4 6. Bxe7 Qxe7 7. Bd3 Qh4 8. Qf3
Nc6 9. Nge2 Nxd4 10. Nxd4 O-O 11. Nxe4 dxe4 12. Qxe4 Qh6 13. O-O f6 14. f4 f5
15. Qf3 Bd7 16. Qxb7 Rfd8 17. Qf3 Rab8 18. b3 Ra8 19. Bc4 Rab8 20. a4 c5 21. Nc6
Bxc6 22. Qg3 Bd5 23. Bb5 Be4 24. Rf2 Qh5 25. Be2 Bxc2 26. Bxh5 Bxb3 27. Rb2 c4
28. Qh4 c3 29. Rxb3 c2 30. Rxb8 Rxb8 31. Rc1 g6 32. Bf3 Rb1 33. Qe1 h6 34. Rxb1
cxb1=Q 35. Qxb1 1-0

[Event "AUTO-OPEN-4588"]
[Site "http://www.queenalice.com/game.php?id=1855644"]
[Date "2025.4.16"]
[Round "1"]
[White "D71357"]
[Black "JailtonMaster"]
[Result "0-1"]
[WhiteElo "1100"]
[BlackElo "2026"]

1. e4 c5 2. Nf3 d6 3. Bc4 e6 4. d3 Nf6 5. O-O Be7 6. Nc3 O-O 7. d4 cxd4 8. Nxd4
Nc6 9. Nxc6 bxc6 10. b4 d5 11. exd5 cxd5 12. Bd3 Bxb4 13. Bd2 e5 14. Rb1 Bc5 15.
Qe2 Re8 16. Na4 Bd6 17. Qf3 e4 18. Qe3 d4 19. Qg5 exd3 20. cxd3 Ba6 21. Nb2 Ba3
22. Qg3 Re2 23. Qf4 Nd5 24. Qg3 Rxd2 25. Nc4 Rxa2 26. Rb3 Nc3 27. Rxa3 Ne2+ 28.
Kh1 Nxg3+ 29. fxg3 Bxc4 30. Rxa2 Bxa2 0-1

[Event "AUTO-OPEN-4588"]
[Site "http://www.queenalice.com/game.php?id=1855645"]
[Date "2025.4.16"]
[Round "1"]
[White "JailtonMaster"]
[Black "D71357"]
[Result "1-0"]
[WhiteElo "2001"]
[BlackElo "1100"]

1. e4 Nf6 2. e5 Nd5 3. d4 e6 4. c4 Nb4 5. Nc3 N8c6 6. Nf3 Be7 7. a3 Na6 8. b4
Naxb4 9. axb4 Nxb4 10. Be2 d6 11. exd6 Bxd6 12. Ba3 O-O 13. c5 Be7 14. Bxb4 a5
15. Bxa5 Bd7 16. Ne5 Bc6 17. Nxc6 bxc6 18. O-O Bf6 19. Bb4 e5 20. Rxa8 Qxa8 21.
Ne4 Qd8 22. Nxf6+ Qxf6 23. d5 Rb8 24. d6 cxd6 25. Bc3 d5 26. f4 Qe7 27. Bxe5 Ra8
28. Bd6 Qe3+ 29. Kh1 Ra2 30. Bf3 h6 31. Re1 Qa3 32. Re8+ Kh7 33. Qb1+ g6 34. Be5
Ra1 35. Rh8# 1-0

[Event "AUTO-BEG-689"]
[Site "http://www.queenalice.com/game.php?id=1862214"]
[Date "2025.8.28"]
[Round "1"]
[White "D71357"]
[Black "Jack_7"]
[Result "0-1"]
[WhiteElo "1131"]
[BlackElo "1135"]

1. d4 d5 2. Bf4 Nc6 3. Nc3 f6 4. Nf3 Bf5 5. e3 Qd7 6. Be2 e5 7. Bg3 e4 8. Nh4
Nh6 9. Nxf5 Qxf5 10. h3 Bb4 11. O-O g6 12. Nb5 O-O 13. a3 Ba5 14. b4 Bb6 15. Bf4
g5 16. Bg3 Kh8 17. Nxc7 Bxc7 18. Bxc7 g4 19. hxg4 Qg5 20. Qc1 Nxg4 21. Bf4 Qh6
0-1

[Event "AUTO-BEG-689"]
[Site "http://www.queenalice.com/game.php?id=1862215"]
[Date "2025.8.28"]
[Round "1"]
[White "Jack_7"]
[Black "D71357"]
[Result "1-0"]
[WhiteElo "1118"]
[BlackElo "1149"]

1. e4 e5 2. f3 Bc5 3. c3 Nf6 4. Ne2 Nc6 5. Qb3 O-O 6. d4 Na5 7. Qa4 Bb6 8. dxe5
d6 9. b4 dxe5 10. bxa5 Bd7 11. Qc4 Bxa5 12. Ba3 c6 13. Nd2 Be6 14. Qa4 Bxc3 15.
Nxc3 Re8 16. O-O-O Nd7 17. Bc4 Nb6 18. Qb4 a5 19. Qb3 Nxc4 20. Nxc4 Qc7 21. Bd6
Qd8 22. Bxe5 Qg5+ 23. Kc2 1-0

[Event "AUTO-OPEN-4618"]
[Site "http://www.queenalice.com/game.php?id=1863907"]
[Date "2025.10.7"]
[Round "1"]
[White "D71357"]
[Black "Esvir"]
[Result "0-1"]
[WhiteElo "1149"]
[BlackElo "2029"]

1. d4 d5 2. Nc3 Nf6 3. e3 e6 4. b3 c5 5. e4 dxe4 6. dxc5 Qxd1+ 7. Kxd1 Bxc5 8.
Be3 Bxe3 9. fxe3 Nc6 10. Bb5 Bd7 11. Nge2 O-O 12. Rf1 Nd5 13. Nxd5 exd5 14. Kc1
a6 15. Bxc6 bxc6 16. Nc3 f5 17. g3 Rf6 18. Na4 Ra7 19. Nc5 Be8 20. h3 g5 21. Kb2
Kg7 22. Rf2 h5 23. Rg1 Kg6 24. Rh2 a5 25. Na4 Rd6 26. Rf2 d4 27. exd4 Rxd4 28.
Kc3 Rd5 29. Nb6 e3 30. Re2 Re5 31. Nc4 Re6 0-1

[Event "AUTO-OPEN-4618"]
[Site "http://www.queenalice.com/game.php?id=1863908"]
[Date "2025.10.7"]
[Round "1"]
[White "Esvir"]
[Black "D71357"]
[Result "1-0"]
[WhiteElo "2005"]
[BlackElo "1149"]

1. e4 e5 2. Nf3 Nf6 3. Nxe5 d6 4. Nf3 g6 5. Nc3 c5 6. d4 Nbd7 7. Ng5 Be7 8. Be2
cxd4 9. Qxd4 O-O 10. O-O Nb6 11. e5 dxe5 12. Qxe5 Nfd7 13. Qf4 Bxg5 14. Qg4 Bf6
15. Bh6 Re8 16. Rad1 Qc7 17. Qf3 Re6 18. b3 Ne5 19. Qg3 Rd6 20. Ne4 Rxd1 21.
Nxf6+ Kh8 22. Rxd1 Nbd7 23. Nxd7 Bxd7 24. Bc4 Nxc4 25. Qxc7 Nb6 26. Qe5+ 1-0

[Event "AUTO-OPEN-4618"]
[Site "http://www.queenalice.com/game.php?id=1863909"]
[Date "2025.10.7"]
[Round "1"]
[White "D71357"]
[Black "chessman"]
[Result "0-1"]
[WhiteElo "1149"]
[BlackElo "2064"]

1. d4 d5 2. f4 e6 3. Nc3 c5 4. e3 Nc6 5. b3 cxd4 6. Nb5 dxe3 7. Bxe3 a6 8. Nd4
Bb4+ 9. Bd2 Bxd2+ 10. Qxd2 Nf6 11. Ngf3 Ne4 12. Qe3 Qa5+ 13. Kd1 Nc3+ 14. Kc1
Qa3+ 15. Kd2 Ne4+ 16. Ke1 Qb2 17. Rd1 O-O 18. Nxc6 bxc6 19. Bd3 Qc3+ 20. Ke2 Qf6
21. Ne5 Nc3+ 22. Kd2 Nxd1 23. Rxd1 c5 24. f5 c4 25. bxc4 dxc4 26. Be4 Rb8 27.
Qc3 exf5 28. Bf3 Rd8+ 29. Kc1 Qg5+ 30. Rd2 Rxd2 31. Nxc4 Rxg2+ 32. Kd1 Rb1# 0-1

[Event "AUTO-OPEN-4618"]
[Site "http://www.queenalice.com/game.php?id=1863910"]
[Date "2025.10.7"]
[Round "1"]
[White "chessman"]
[Black "D71357"]
[Result "1-0"]
[WhiteElo "2101"]
[BlackElo "1149"]

1. e4 e5 2. Nf3 Nc6 3. Bb5 Nf6 4. O-O g6 5. Bxc6 dxc6 6. Nxe5 Be6 7. d3 Bd6 8.
Nf3 Bc5 9. c3 Qd7 10. d4 Be7 11. Re1 O-O-O 12. Qa4 a6 13. Bf4 c5 14. Qxd7+ Rxd7
15. d5 Bg4 16. Ne5 Rd6 17. Nxf7 Rf8 18. Nxd6+ cxd6 19. Bg3 Bd8 20. Bxd6 Re8 21.
Bxc5 Nxe4 22. Be3 Kb8 23. Nd2 Nxd2 24. Bxd2 Rf8 25. c4 h5 26. h3 Bd7 27. Bc3 Bb6
28. Re2 Kc7 29. Rae1 Kd6 30. Bb4+ Kc7 31. Bxf8 Ba5 32. b4 Bxb4 33. Bxb4 b6 34.
Re7 Kd8 35. Rg7 Kc7 36. Ree7 1-0

[Event "AUTO-OPEN-4618"]
[Site "http://www.queenalice.com/game.php?id=1863911"]
[Date "2025.10.7"]
[Round "1"]
[White "D71357"]
[Black "cerenzo72"]
[Result "0-1"]
[WhiteElo "1149"]
[BlackElo "2101"]

1. d4 Nf6 2. Nc3 d5 3. e3 e6 4. b3 Nc6 5. Bb2 Bb4 6. Ne2 Bd7 7. Qd2 Ne4 8. Qd3
Qf6 9. Ng3 Nxf2 10. Qe2 Nxh1 11. Nxh1 Qh4+ 12. Nf2 Qxh2 13. O-O-O O-O-O 14. Nb5
a6 15. c3 Be7 16. Ng4 Qg3 17. Ba3 axb5 18. Bxe7 Nxe7 19. Ne5 Rhf8 20. Nxd7 Rxd7
21. Qxb5 Qxe3+ 22. Kb2 Qf4 23. Qa4 c6 24. Bd3 Qb8 25. Bxh7 g6 26. Kc2 Rh8 27.
Rf1 Rxh7 28. Qa3 Nf5 29. Qc1 Qg3 30. Kb2 Qxg2+ 31. Ka3 b5 32. b4 Ra7+ 33. Kb3
Qxa2# 0-1

[Event "AUTO-OPEN-4618"]
[Site "http://www.queenalice.com/game.php?id=1863912"]
[Date "2025.10.7"]
[Round "1"]
[White "cerenzo72"]
[Black "D71357"]
[Result "1-0"]
[WhiteElo "2139"]
[BlackElo "1149"]

1. b3 e5 2. Bb2 d6 3. e3 Nf6 4. g3 g6 5. Bg2 d5 6. Bxe5 Bg7 7. Nf3 O-O 8. O-O
Nc6 9. Bb2 Ne4 10. Bxg7 Kxg7 11. d3 Nf6 12. Nbd2 Be6 13. c4 a5 14. cxd5 Bxd5 15.
e4 Be6 16. Qe2 Qd7 17. Rac1 Nb4 18. Ne5 Qb5 19. a4 Qe8 20. d4 c6 21. Nec4 Rd8
22. e5 Ng4 23. Nf3 Ra8 24. Nd6 Qe7 25. Nd2 c5 26. Rxc5 b6 27. Bxa8 Rxa8 28. Rcc1
Na2 29. Rc6 Qa7 30. N6c4 Nc3 31. Qd3 Kf8 32. Qxc3 Qb7 33. Nxb6 Re8 34. Ne4 Kg7
35. Nd6 Bd7 36. Nxb7 Bxc6 37. Qxc6 Rd8 38. Nxd8 1-0

[Event "Let's Play Chess!"]
[Site "http://www.queenalice.com/game.php?id=1866497"]
[Date "2025.12.6"]
[Round "-"]
[White "D71357"]
[Black "alow_proton"]
[Result "0-1"]
[WhiteElo "1111"]
[BlackElo "2096"]

1. e4 c5 2. Bc4 Nc6 3. Nc3 e6 4. d3 a6 5. Nf3 d6 6. Ng1 Na5 7. Nf3 Nxc4 8. dxc4
Nf6 9. Bg5 Be7 10. Qe2 O-O 11. e5 Nd7 12. Qe3 dxe5 13. O-O f6 14. Bh4 Nb6 0-1

[Event "Let's Play Chess!"]
[Site "http://www.queenalice.com/game.php?id=1866608"]
[Date "2025.12.6"]
[Round "-"]
[White "alow_proton"]
[Black "D71357"]
[Result "1-0"]
[WhiteElo "2102"]
[BlackElo "1113"]

1. e4 e5 2. f4 Nf6 3. Nc3 Bc5 4. Bc4 d6 5. h3 O-O 6. d3 Nc6 7. Nf3 Bb4 8. f5 Na5
9. Bb3 Nxb3 10. axb3 c6 11. O-O Nh5 12. Qe1 d5 13. Qf2 dxe4 14. dxe4 Nf6 15. Bg5
1-0